| 000 | 00383 a2200169 4500 | ||
|---|---|---|---|
| 001 | 69806 | ||
| 020 | _a8520908071 | ||
| 040 | _cAnchieta - Itaigara | ||
| 100 | _aMachado, Ana Maria | ||
| 240 | 1 | 0 |
_aHoje tem espetáculo _lpor |
| 245 | 1 | 0 | _aHoje tem espetáculo |
| 300 | _a51 | ||
| 362 | 0 | _a2002 | |
| 440 | 1 | _aNova Fronteira | |
| 650 | 4 | _aLiteratura infanto-juvenil | |
| 942 | _cBK | ||
| 999 |
_c69806 _d69806 |
||